Statistics for Edible Berries

Click here to take the quiz!

General Stats

  • This quiz has been taken 20 times
    (12 since last reset)
  • The average score is 5 of 17

Answer Stats

ClueBERRY% Correct
Not red or yellowBlueberry
73%
Sauce for turkeyCranberry
73%
Absence of colourBlackberry
64%
WaterfowlGooseberry
64%
"Here We Go Round ..."Mulberry
55%
Cheap beddingStrawberry
45%
Robin Hood & Maid ......Marionberry
27%
FileRaspberry
27%
VictoryWinberry
27%
RainmakerCloudberry
18%
Knott's Berry Farm genesisBoysenberry
9%
IdahoHuckleberry
9%
AKA partridgeberry in NFLingonberry
9%
Seamstress' friendThimbleberry
9%
HowlerWolfberry
9%
Early morningsDewberry
0%
Blackberry/raspberry hybridLoganberry
0%

Score Distribution

Percentile by Number Answered

Percent of People with Each Score

Your Score History

You have not taken this quiz since the last reset